| 000 | 00505nam a2200181Ia 4500 | ||
|---|---|---|---|
| 999 |
_c32600 _d32600 |
||
| 003 | OSt | ||
| 005 | 20201014120427.0 | ||
| 008 | 190216s9999||||xx |||||||||||||| ||und|| | ||
| 020 | _a9788130001432 | ||
| 040 | _coclc | ||
| 082 |
_a613.7 _bRAD/L |
||
| 100 |
_aRadhakrishnan, P V _95712 |
||
| 245 | 0 |
_aLaghu Yogavidhyakal / _cP V Radhakrishnan |
|
| 260 |
_bPoorna Pubs, _aKozhikode: _c2004. |
||
| 300 | _a64p | ||
| 650 | _aMalayalam | ||
| 942 |
_cBK _2ddc _h613.7 _iRAD/L _k613.7 _mRAD/L |
||